000 00786nam a2200253Ia 4500
003 OSt
005 20220923222127.0
006 a|||||r|||| 00| 0
007 ta
008 220922b |||||||| |||| 00| 0 hin d
024 _a203,180
037 _cTextual
040 _aARTS
_cARTS
_bhin
041 _2hin
_ahin
082 _aO157,3M72x, 152N1
100 _aअरंविद
245 0 _aहिन्दुस्तान पाकिस्तान
246 _aHindustān pākistāna
260 _aदिल्ली
_b पारुल प्रका0
_c1991
300 _a118पृ.
_ccm.
650 _aबंगाली साहित्य
_9156264
942 _hO157,3M72x, 152N1
_cTEXL
_2CC
999 _c353940
_d353940